[Event "Reykjavik TR CC Opinn"]
[Site "Reykjavik"]
[Date "2018.09.21"]
[Round "5.6"]
[White "Ragnarsson, Rikhard Skorri"]
[Black "Karlsson, Isak Orri"]
[Result "0-1"]
[WhiteElo "1014"]
[BlackElo "1326"]
[PlyCount "121"]
[EventDate "2018.09.09"]
[EventType "swiss"]
[EventRounds "7"]
[EventCountry "ISL"]
[SourceTitle "EXT 2024"]
[Source "ChessBase"]
[SourceDate "2023.10.10"]
[SourceVersion "1"]
[SourceVersionDate "2023.10.10"]
[SourceQuality "1"]

1. e4 c5 2. Nc3 d6 3. Nf3 Nf6 4. Bc4 g6 5. d3 Bg7 6. Bf4 0-0 7. Qd2 Re8 8. Bh6 Bg4 9. Qe3 Bxf3 10. Bxg7 Bxg2 11. Bxf6 Bxh1 12. Bxe7 Rxe7 13. Nd5 Re8 14. Qf4 Re6 15. 0-0-0 Bg2 16. Qg3 Bxe4 17. dxe4 Rxe4 18. Bb3 Nc6 19. Qf3 Re6 20. Nc3 Rf6 21. Qd3 a6 22. Qe3 Qd7 23. Nd5 Re6 24. Qf3 Nd4 25. Nf6+ Rxf6 26. Qxf6 Re8 27. c3 Nf5 28. Qg5 Qb5 29. Qf6 Qd7 30. Qg5 Re5 31. Qf4 Qe7 32. Qd2 b5 33. Bc2 Re2 34. Qd3 Rxf2 35. h3 Ne3 36. Rd2 Rf1+ 37. Bd1 Rxd1+ 38. Rxd1 Nxd1 39. Qxd1 Qe3+ 40. Kc2 Qe4+ 41. Kc1 d5 42. Qg4 Qxg4 43. hxg4 Kg7 44. Kd2 h5 45. gxh5 gxh5 46. Ke2 Kf6 47. Ke3 Ke5 48. a3 h4 49. Kf2 Ke4 50. Kg2 Kd3 51. Kh3 Kc2 52. Kxh4 Kxb2 53. Kg4 Kxc3 54. Kf4 d4 55. Ke4 d3 56. Kd5 d2 57. Kc6 d1Q 58. Kb6 Kb3 59. Kc6 Qd8 60. a4 Kxa4 61. Kxc5 0-1

[Event "Reykjavik op"]
[Site "Reykjavik"]
[Date "2018.03.12"]
[Round "7"]
[White "Karlsson, Isak Orri"]
[Black "Stuart, Brian"]
[Result "1/2-1/2"]
[WhiteElo "1288"]
[BlackElo "1688"]
[PlyCount "65"]
[EventDate "2018.03.06"]
[EventType "swiss"]
[EventRounds "9"]
[EventCountry "ISL"]
[SourceTitle "CBM 183 Extra"]
[Source "ChessBase"]
[SourceDate "2018.04.19"]
[SourceVersion "1"]
[SourceVersionDate "2018.04.19"]
[SourceQuality "1"]

1. d4 Nf6 2. c4 g6 3. Nc3 d5 4. Bg5 c6 5. Qd2 Bg7 6. Bh6 0-0 7. Nf3 dxc4 8. Bxg7 Kxg7 9. a4 Bf5 10. e3 Nbd7 11. Bxc4 Nb6 12. Bb3 Qd6 13. Nh4 Be6 14. Bc2 Nc4 15. Qc1 Qb4 16. 0-0 Rfd8 17. Na2 Qb6 18. b3 Na5 19. Rb1 Rac8 20. Nf3 Qc7 21. Qd2 c5 22. Rfc1 b6 23. Nc3 a6 24. Ne2 Qb7 25. Nf4 Bd5 26. Nxd5 Nxd5 27. Be4 Qd7 28. Bxd5 Qxd5 29. Qc3 Kg8 30. Qb2 f6 31. dxc5 Rxc5 32. Rxc5 bxc5 33. h3 1/2-1/2

[Event "Reykjavik op"]
[Site "Reykjavik"]
[Date "2018.03.08"]
[Round "4"]
[White "Marentini, Marcel"]
[Black "Karlsson, Isak Orri"]
[Result "1-0"]
[WhiteElo "2024"]
[BlackElo "1288"]
[PlyCount "39"]
[EventDate "2018.03.06"]
[EventType "swiss"]
[EventRounds "9"]
[EventCountry "ISL"]
[SourceTitle "CBM 183 Extra"]
[Source "ChessBase"]
[SourceDate "2018.04.19"]
[SourceVersion "1"]
[SourceVersionDate "2018.04.19"]
[SourceQuality "1"]

1. Nf3 Nf6 2. c4 c5 3. g3 g6 4. b3 Nc6 5. Bb2 Bg7 6. Bg2 d6 7. 0-0 0-0 8. d4 Nh5 9. Qd2 cxd4 10. Nxd4 Bxd4 11. Bxd4 Nxd4 12. Qxd4 Qc7 13. Nc3 Bf5 14. e3 Qd7 15. Rfd1 Bh3 16. Bh1 Ng7 17. Nd5 Ne6 18. Qh4 Ng7 19. Qxe7 Qg4 20. Nf6+ 1-0

[Event "Reykjavik op"]
[Site "Reykjavik"]
[Date "2016.03.16"]
[Round "10"]
[White "Kruger, Jan"]
[Black "Karlsson, Isak Orri"]
[Result "1-0"]
[WhiteElo "1810"]
[BlackElo "1139"]
[PlyCount "75"]
[EventDate "2016.03.08"]
[EventType "swiss"]
[EventRounds "10"]
[EventCountry "ISL"]
[SourceTitle "CBM 171 Extra"]
[Source "ChessBase"]
[SourceDate "2016.04.26"]
[SourceVersion "1"]
[SourceVersionDate "2016.04.26"]
[SourceQuality "1"]

1. f4 d5 2. Nf3 Nc6 3. e3 f5 4. Bb5 Bd7 5. Bxc6 Bxc6 6. Ne5 Qd6 7. b3 Qf6 8. 0-0 Bb5 9. d3 0-0-0 10. a4 Ba6 11. b4 b6 12. Bb2 Nh6 13. Bd4 Qd6 14. b5 Bb7 15. c4 dxc4 16. dxc4 g6 17. Nc3 g5 18. fxg5 Rg8 19. h4 e6 20. a5 Be7 21. axb6 axb6 22. Ra2 Ng4 23. Nxg4 fxg4 24. Qxg4 h6 25. g6 Kb8 26. h5 Bc8 27. Ne4 Qb4 28. Rfa1 Bb7 29. Qxe6 Rde8 30. Ra4 Qb3 31. Qg4 Qd3 32. Nc3 Bg5 33. Nd5 Qd2 34. Qg3 Bxd5 35. cxd5 Kc8 36. Qg4+ Kd8 37. Ra8+ Ke7 38. Qe6+ 1-0

[Event "Reykjavik op"]
[Site "Reykjavik"]
[Date "2016.03.15"]
[Round "9"]
[White "Hrafnsson, Hreinn"]
[Black "Karlsson, Isak Orri"]
[Result "1-0"]
[WhiteElo "1651"]
[BlackElo "1139"]
[PlyCount "71"]
[EventDate "2016.03.08"]
[EventType "swiss"]
[EventRounds "10"]
[EventCountry "ISL"]
[SourceTitle "CBM 171 Extra"]
[Source "ChessBase"]
[SourceDate "2016.04.26"]
[SourceVersion "1"]
[SourceVersionDate "2016.04.26"]
[SourceQuality "1"]

1. Nf3 Nc6 2. d4 d5 3. Bf4 Bf5 4. a3 e6 5. e3 a6 6. c4 Bd6 7. Bg5 Be7 8. Bxe7 Ngxe7 9. c5 Ng6 10. h4 h5 11. Bd3 Bg4 12. Bxg6 fxg6 13. Qd3 Bf5 14. Qb3 Qb8 15. Nbd2 Qa7 16. Rc1 0-0-0 17. Ng5 Rdf8 18. 0-0 a5 19. Qc3 Qa6 20. Rfe1 Nd8 21. b4 a4 22. Ndf3 Nf7 23. Nxf7 Rxf7 24. Ne5 Rf6 25. c6 b6 26. Qb2 Qb5 27. Qe2 Qxe2 28. Rxe2 Rh6 29. Rb2 Be4 30. b5 Rf5 31. f3 Bd3 32. Nxd3 g5 33. hxg5 Rxg5 34. Rb4 h4 35. Rxa4 Kb8 36. Ne5 1-0